| 000 | 01235 am a2200373 a 4500 | ||
|---|---|---|---|
| 005 | 20240527121328.0 | ||
| 008 | 100302s1983||||ag a f |||| 001 0 spa d | ||
| 020 | _a9500613298 | ||
| 041 | _aspa | ||
| 092 |
_c611 _l47 _sLAT |
||
| 100 | 1 |
_aLatarjet, Michel _9102 |
|
| 245 |
_aAnatomía Humana. _bT.2 / _cMichel Latarjet |
||
| 250 | _a1a ed. | ||
| 260 |
_aBuenos Aires: _bEditorial Médica Panamericana; _c1983. |
||
| 300 | _a985-1909 p. | ||
| 500 | _aLatarjet, M. y Ruiz Liard, A. (1983). Anatomía humana. T.2 (1a ed.). Buenos Aires : Editorial Médica Panamericana. | ||
| 653 | _aCaja torácica | ||
| 653 | _aAparato circulatorio | ||
| 653 | _aVasos sanguíneos | ||
| 653 | _aArterias de la gran circulación | ||
| 653 | _aVenas de la gran circulación | ||
| 653 | _aSistema linfático | ||
| 653 | _aAparato respiratorio | ||
| 653 | _aAparato digestivo | ||
| 653 | _aAbdómen y aparato digestivo infradiafragmático | ||
| 653 | _aAparato digestivo abdominopelviano | ||
| 653 | _aAparato urinario | ||
| 653 | _aAparato genital del hombre | ||
| 653 | _aAparato genital de la mujer | ||
| 653 | _aGlándulas de secreción interna | ||
| 700 | 1 |
_aRuiz Liard, Alfredo _9103 |
|
| 930 | _a2138 | ||
| 942 |
_2ddc _cBK |
||
| 999 |
_c616 _d616 |
||